MARC details
| 000 -LEADER |
| fixed length control field |
01886cam a2200493 i 4500 |
| 001 - CONTROL NUMBER |
| JCCL Control Number |
14058 |
| 003 - CONTROL NUMBER IDENTIFIER |
| JCCL marc code |
BD-JhCC |
| 005 - DATE AND TIME OF LATEST TRANSACTION |
| control field |
20240912101157.0 |
| 008 - FIXED-LENGTH DATA ELEMENTS--GENERAL INFORMATION |
| fixed length control field |
190404s2019 maua c 6 000 1 eng |
| 020 ## - INTERNATIONAL STANDARD BOOK NUMBER |
| International Standard Book Number |
9781328960016 |
| 020 ## - INTERNATIONAL STANDARD BOOK NUMBER |
| International Standard Book Number |
9781328575494 |
| 020 ## - INTERNATIONAL STANDARD BOOK NUMBER |
| International Standard Book Number |
9780358164746 |
| 035 ## - SYSTEM CONTROL NUMBER |
| system control number |
(BD-JhCC)14058 |
| 040 ## - CATALOGING SOURCE |
| Original cataloging agency |
DLC |
| Transcribing agency |
DLC |
| Description conventions |
rda |
| Modifying agency |
DLC |
| 041 ## - LANGUAGE CODE |
| Language code of Book |
english |
| 050 00 - LIBRARY OF CONGRESS CALL NUMBER |
| Classification number |
PZ7.7.A354 |
| Item number |
Cro 2019 |
| 082 00 - DEWEY DECIMAL CLASSIFICATION NUMBER |
| Classification number |
741.5973 |
| DDC Edition number |
3 |
| Author mark and Year |
ALE 2015 |
| 084 ## - OTHER CLASSIFICATION NUMBER |
| Classification number |
JUV008000 |
| -- |
JUV032020 |
| -- |
JUV013070 |
| -- |
JUV013060 |
| -- |
JUV039030 |
| Source of number |
bisacsh |
| 100 1# - MAIN ENTRY--PERSONAL NAME |
| Personal name |
Alexander, Kwame, |
| 245 14 - TITLE STATEMENT |
| Title |
The crossover / |
| Statement of responsibility, etc |
Kwame Alexander. |
| 246 30 - VARYING FORM OF TITLE |
| Title proper/short title |
Cross over |
| 246 18 - VARYING FORM OF TITLE |
| Title proper/short title |
Cross over : |
| Remainder of title |
graphic novel |
| 260 ## - PUBLICATION, DISTRIBUTION, ETC. (IMPRINT) |
| Place of publication, distribution, etc |
London: |
| Name of publisher, distributor, etc |
Andersen Press; |
| Date of publication, distribution, etc |
2015. |
| 300 ## - PHYSICAL DESCRIPTION |
| Pagination |
237 p. : |
| Other physical details |
color illustrations ; |
| Dimensions |
22 cm. |
| 520 ## - SUMMARY, ETC. |
| Summary, etc |
Fourteen-year-old twin basketball stars Josh and Jordan wrestle with highs and lows on and off the court as their father ignores his declining health. |
| 600 11 - SUBJECT ADDED ENTRY--PERSONAL NAME |
| Personal name |
Alexander, Kwame. |
| Title of a work |
Crossover |
| 650 #1 - SUBJECT ADDED ENTRY--TOPICAL TERM |
| Topical term or geographic name as entry element |
Graphic novels. |
| 650 #1 - SUBJECT ADDED ENTRY--TOPICAL TERM |
| Topical term or geographic name as entry element |
Novels in verse. |
| 650 #1 - SUBJECT ADDED ENTRY--TOPICAL TERM |
| Topical term or geographic name as entry element |
Basketball |
| Form subdivision |
Fiction. |
| 650 #1 - SUBJECT ADDED ENTRY--TOPICAL TERM |
| Topical term or geographic name as entry element |
Twins |
| Form subdivision |
Fiction. |
| 650 #1 - SUBJECT ADDED ENTRY--TOPICAL TERM |
| Topical term or geographic name as entry element |
Brothers |
| Form subdivision |
Fiction. |
| 650 #1 - SUBJECT ADDED ENTRY--TOPICAL TERM |
| Topical term or geographic name as entry element |
Fathers and sons |
| Form subdivision |
Fiction. |
| 650 #1 - SUBJECT ADDED ENTRY--TOPICAL TERM |
| Topical term or geographic name as entry element |
African Americans |
| Form subdivision |
Fiction. |
| 650 #7 - SUBJECT ADDED ENTRY--TOPICAL TERM |
| Topical term or geographic name as entry element |
JUVENILE FICTION / Comics & Graphic Novels / General. |
| 650 #7 - SUBJECT ADDED ENTRY--TOPICAL TERM |
| Topical term or geographic name as entry element |
JUVENILE FICTION / Sports & Recreation / Basketball. |
| 650 #7 - SUBJECT ADDED ENTRY--TOPICAL TERM |
| Topical term or geographic name as entry element |
JUVENILE FICTION / Family / Siblings. |
| 650 #7 - SUBJECT ADDED ENTRY--TOPICAL TERM |
| Topical term or geographic name as entry element |
JUVENILE FICTION / Family / Parents. |
| 650 #7 - SUBJECT ADDED ENTRY--TOPICAL TERM |
| Topical term or geographic name as entry element |
JUVENILE FICTION / Social Issues / Death & Dying. |
| 655 #0 - |
| Genre/form data or focus term |
Graphic novels. |
| 700 1# - ADDED ENTRY--PERSONAL NAME |
| Personal name |
Anyabwile, Dawud, |
| Dates associated with a name |
1965- |
| 776 08 - ADDITIONAL PHYSICAL FORM ENTRY |
| Display text |
Online version: |
| Main entry heading |
Alexander, Kwame, author. |
| Title |
Crossover |
| Place, publisher, and date of publication |
Boston ; New York : Houghton Mifflin Harcourt, [2019] |
| International Standard Book Number |
9780358128168 |
| Record control number |
(DLC) 2019016648 |
| 942 ## - ADDED ENTRY ELEMENTS (KOHA) |
| Source of classification or shelving scheme |
Dewey Decimal Classification |
| Koha item type |
Books |